Trans-azioni : indagine sui fabbisogni e le buone pratiche per l'inclusione socio-lavorativa di persone transessuali /
Sábháilte in:
| Údar corparáideach: | |
|---|---|
| Formáid: | LEABHAR |
| Teanga: | Iodáilis |
| Foilsithe / Cruthaithe: |
Bologna :
Edizioni Aspasia,
2002?
|
| Clibeanna: |
Níl clibeanna ann, Bí ar an gcéad duine le clib a chur leis an taifead seo!
|
MARC
| LEADER | 00000nam a22000007i 4500 | ||
|---|---|---|---|
| 001 | IT\ICCU\PUV\1002507 | ||
| 003 | ItRI | ||
| 005 | 20260115232432.0 | ||
| 008 | 050317s2002 it |||||| ||||| |||||c | ||
| 040 | |b ita |c importazione bologna sebina | ||
| 041 | 7 | |a ita |2 ISO-639-2 | |
| 110 | 2 | |a AGEFORM (Bologna) |0 IT\ICCU\PUVV\351387 |4 aut | |
| 245 | 0 | 0 | |a Trans-azioni : |b indagine sui fabbisogni e le buone pratiche per l'inclusione socio-lavorativa di persone transessuali / |c AGEFORM. |
| 260 | |a Bologna : |b Edizioni Aspasia, |c 2002? | ||
| 300 | |a 239 p. ; |c 21 cm | ||
| 500 | |a In testa al front.: Unione Europea, Fondo sociale europeo, Ministero del Lavoro e delle Politiche Sociali, Regione Emilia Romagna. | ||
| 942 | |2 ddc |c BK |n 0 | ||
| 952 | |0 0 |1 0 |4 0 |6 T_306_768000000000000_TRA |7 0 |9 25723 |a BO |b BO |d 2026-01-15 |i 10607 |l 0 |o T 306.768 TRA |p BO10607 |r 2026-01-15 23:24:32 |w 2026-01-15 |x [Sebina 5] [1 v.] |y BK |z 1 v. | ||
| 952 | |0 0 |1 0 |4 0 |6 T_306_768000000000000_TRA |7 0 |9 25724 |a BO |b BO |d 2026-01-15 |i 18336 |l 0 |o T 306.768 TRA |p BO18336 |r 2026-01-15 23:24:32 |w 2026-01-15 |x [Sebina 7] [1 v.] |y BK |z 1 v. (3. copia) | ||
| 952 | |0 0 |1 0 |4 0 |6 T_306_768000000000000_TRA |7 0 |9 25725 |a BO |b BO |d 2026-01-15 |i 15005 |l 0 |o T 306.768 TRA |p BO15005 |r 2026-01-15 23:24:32 |w 2026-01-15 |x [Sebina 5] [1 v.] |y BK |z 1 v. (2. copia) | ||
| 999 | |c 21821 |d 21821 | ||